[Event "ch-European Rapid 2013"]
[Site "Warsaw POL"]
[Date "2013.12.14"]
[Round "3.27"]
[White "Dziuba, Marcin"]
[Black "Kopczyk, Daniel"]
[Result "1-0"]
[WhiteTitle "GM"]
[WhiteElo "2576"]
[BlackElo "2174"]
[WhiteFideId "1112953"]
[BlackFideId "1116762"]
[EventDate "2013.12.14"]
[EventType "swiss"]

1. d4 Nf6 2. c4 g6 3. Nc3 Bg7 4. e4 d6 5. h3 O-O 6. Bg5 h6 7. Be3 e5 8. d5 Nbd7
9. Bd3 Nc5 10. Bc2 a5 11. Qd2 Kh7 12. g4 Ng8 13. Nf3 Bd7 14. O-O-O a4 15. Kb1 a3
16. b3 Ne7 17. Bxc5 dxc5 18. d6 Nc6 19. dxc7 Qxc7 20. Qxd7 Qa5 21. Qd2 Nd4 22.
Nxd4 exd4 23. Nd5 Qd8 24. f4 b5 25. Bd3 bxc4 26. Bxc4 d3 27. Qxd3 Bd4 28. e5 Qh4
29. Rhf1 Rad8 30. Rf3 Kg7 31. Rdf1 Rd7 32. f5 Bxe5 33. fxg6 f6 34. Ne3 1-0

[Event "ch-European Rapid 2013"]
[Site "Warsaw POL"]
[Date "2013.12.14"]
[Round "3.28"]
[White "Herman, Jean"]
[Black "Kulaots, Kaido"]
[Result "0-1"]
[BlackTitle "GM"]
[WhiteElo "2230"]
[BlackElo "2558"]
[WhiteFideId "263036"]
[BlackFideId "4500261"]
[EventDate "2013.12.14"]
[EventType "swiss"]

1. d4 g6 2. c4 Bg7 3. Nc3 d6 4. e4 e5 5. d5 f5 6. exf5 gxf5 7. Qh5+ Kf8 8. Nf3
Nf6 9. Qh4 Na6 10. Bh6 Qe7 11. O-O-O Bxh6+ 12. Qxh6+ Qg7 13. Qxg7+ Kxg7 14. Nh4
Bd7 15. Bd3 e4 16. Bc2 Ng4 17. Rdf1 Rhf8 18. b3 Nb4 19. Ne2 Nxa2+ 20. Kb1 Nb4
21. Nd4 c5 22. dxc6 bxc6 23. h3 Ne5 24. g4 Nxc2 25. Kxc2 fxg4 26. hxg4 Bxg4 27.
Rhg1 Kh8 28. Nxc6 Be2 29. Nxe5 dxe5 30. Ra1 Rxf2 31. Rg2 e3 32. Kc3 Rg8 33.
Rxg8+ Kxg8 34. Rxa7 Bg4 35. Re7 Rh2 36. Rxe5 Rxh4 37. Rxe3 Rh3 38. Rxh3 Bxh3 39.
Kd4 Kf7 40. Ke5 Be6 41. Kf4 Kf6 42. Kg3 Kg5 43. Kg2 Kf4 44. Kf2 h5 45. Kg2 h4
46. Kh2 Kg4 47. Kg2 h3+ 48. Kh2 Kh4 0-1

[Event "ch-European Rapid 2013"]
[Site "Warsaw POL"]
[Date "2013.12.14"]
[Round "3.29"]
[White "Gritsak, Orest"]
[Black "Dorokhin, Mykhailo"]
[Result "1-0"]
[WhiteTitle "GM"]
[WhiteElo "2516"]
[BlackElo "2243"]
[WhiteFideId "14102188"]
[BlackFideId "14114178"]
[EventDate "2013.12.14"]
[EventType "swiss"]

1. Nf3 d5 2. d4 Nf6 3. c4 e6 4. Bg5 c6 5. Nbd2 Be7 6. e3 O-O 7. Be2 Ne4 8. Bxe7
Qxe7 9. O-O Nxd2 10. Qxd2 Nd7 11. Rac1 dxc4 12. Rxc4 e5 13. Qa5 Nb6 14. Rcc1
exd4 15. Nxd4 Nd5 16. Rfe1 Bd7 17. Bc4 b6 18. Qd2 Nf6 19. b4 Rfd8 20. Qb2 Qe5
21. Qb3 Be8 22. Nf3 Qh5 23. e4 Ng4 24. e5 c5 25. bxc5 bxc5 26. h3 Nh6 27. e6
Rab8 28. Qc3 fxe6 29. Re5 1-0

[Event "ch-European Rapid 2013"]
[Site "Warsaw POL"]
[Date "2013.12.14"]
[Round "3.30"]
[White "Paprocki, Jaroslaw"]
[Black "Tregubov, Pavel V."]
[Result "0-1"]
[BlackTitle "GM"]
[WhiteElo "2199"]
[BlackElo "2625"]
[WhiteFideId "1122274"]
[BlackFideId "4115341"]
[EventDate "2013.12.14"]
[EventType "swiss"]

1. e4 c5 2. Nf3 Nc6 3. Bb5 Nf6 4. e5 Nd5 5. O-O Nc7 6. Bxc6 dxc6 7. h3 Bf5 8. b3
e6 9. d3 h6 10. Nbd2 Nb5 11. Bb2 Qd7 12. Nc4 Nd4 13. Ne3 Bg6 14. Nd2 Be7 15. Ne4
O-O-O 16. Nc4 Kb8 17. f3 Qc7 18. a4 f6 19. a5 fxe5 20. Ba3 Rd5 21. Nc3 Bg5 22.
Re1 Bf4 23. Ra2 h5 24. Bc1 Bg3 25. Re3 h4 26. Ne4 Bf4 27. Re1 Rf8 28. Ba3 Qe7
29. Ne3 Bxe4 30. fxe4 Rdd8 31. Qg4 Rf6 32. Nf1 Rh8 33. Kh1 Rhh6 34. Qd1 Rhg6 35.
c3 Nb5 36. Bb2 Rf8 37. Ba1 Rd8 38. Qe2 a6 39. Rd1 Qg5 40. Qf2 Qe7 41. Qe2 Rf6
42. Qe1 Rf7 43. Qe2 Qg5 44. Rc2 Rd6 45. Bb2 Rfd7 46. Qf3 Qd8 47. Bc1 Rxd3 48.
Rxd3 Rxd3 49. Ne3 Bxe3 50. Bxe3 Rxe3 51. Qxe3 Qd1+ 52. Kh2 Qxc2 53. Qxc5 Qxc3
54. Qb6 Qd4 0-1

[Event "ch-European Rapid 2013"]
[Site "Warsaw POL"]
[Date "2013.12.14"]
[Round "3.31"]
[White "Lewicki, Miroslaw"]
[Black "Maiorov, Nikita1"]
[Result "0-1"]
[WhiteTitle "CM"]
[BlackTitle "GM"]
[WhiteElo "2225"]
[BlackElo "2552"]
[WhiteFideId "1113380"]
[BlackFideId "13501720"]
[EventDate "2013.12.14"]
[EventType "swiss"]

1. e4 e5 2. Nf3 Nc6 3. Bc4 Bc5 4. Nc3 d6 5. d3 h6 6. Be3 Nge7 7. Bxc5 dxc5 8. h3
Ng6 9. Qd2 Be6 10. Bxe6 fxe6 11. Ne2 Qe7 12. O-O-O O-O 13. Ng3 Nf4 14. Rhg1 a5
15. Qe3 a4 16. Ne2 b5 17. Nxf4 exf4 18. Qd2 a3 19. b3 Qf6 20. c3 b4 21. d4 Rfd8
22. e5 Qf5 23. Qc2 bxc3 24. Qxc3 Nb4 25. Rd2 Rab8 26. Re1 Rd5 27. Ree2 Qg6 28.
dxc5 Nd3+ 29. Kd1 Rbd8 30. b4 Qxg2 31. Nh4 Qf1+ 32. Kc2 Qc1+ 33. Kb3 Nxc5+ 34.
Qxc5 Qxc5 35. bxc5 Rxd2 36. Re4 g5 37. Ng2 Rxf2 38. Ne1 Rdd2 39. Kxa3 Rxa2+ 40.
Kb4 Rae2 0-1

[Event "ch-European Rapid 2013"]
[Site "Warsaw POL"]
[Date "2013.12.14"]
[Round "3.32"]
[White "Grigoryan, Karen H."]
[Black "Terzi, Alexei"]
[Result "1-0"]
[WhiteTitle "GM"]
[WhiteElo "2604"]
[BlackElo "2187"]
[WhiteFideId "13301004"]
[BlackFideId "13505076"]
[EventDate "2013.12.14"]
[EventType "swiss"]

1. c4 Nf6 2. Nc3 e5 3. g3 g6 4. Bg2 Bg7 5. d3 O-O 6. e4 Nc6 7. Nge2 d6 8. O-O a6
9. f4 Bg4 10. h3 Bxe2 11. Nxe2 Nd7 12. f5 Nd4 13. g4 g5 14. h4 Nxe2+ 15. Qxe2 h6
16. hxg5 hxg5 17. b4 Bf6 18. Be3 a5 19. a3 b6 20. Bf3 c5 21. Qb2 Kg7 22. Kg2 Rh8
23. Bf2 Qc7 24. Rab1 Rab8 25. Bd1 axb4 26. axb4 Ra8 27. Qc3 Nb8 28. bxc5 bxc5
29. Ra1 Nc6 30. Ba4 Nd4 31. Qd2 Ra5 32. Be3 Qd8 33. Rfb1 Ra7 34. Bd1 Rxa1 35.
Rxa1 Qe7 36. Qb2 Qc7 37. Ra6 Rb8 38. Qc1 Qe7 39. Bd2 Kh7 40. Ba4 Kg7 41. Bc6 Ne2
42. Qa1 Nf4+ 43. Kg1 Rc8 44. Bd5 Nxd3 45. Ra7 Rc7 46. Ra8 Nf4 47. Kf2 Qd7 48.
Bxf4 exf4 49. Rg8+ Kxg8 50. Qxf6 Qe7 51. Qh6 Ra7 52. f6 Qf8 53. Qg6+ Kh8 54.
Qh5+ Kg8 55. Qxg5+ Kh8 56. Qh5+ Kg8 57. g5 Ra2+ 58. Kf3 Ra3+ 59. Kxf4 Rh3 60.
Qxh3 Qe8 61. Qf5 Kf8 62. g6 fxg6 63. Qg5 1-0

[Event "ch-European Rapid 2013"]
[Site "Warsaw POL"]
[Date "2013.12.14"]
[Round "3.33"]
[White "Wiewiora, Eneasz"]
[Black "Stupak, Kirill"]
[Result "0-1"]
[BlackTitle "GM"]
[WhiteElo "2232"]
[BlackElo "2505"]
[WhiteFideId "1140396"]
[BlackFideId "13503758"]
[EventDate "2013.12.14"]
[EventType "swiss"]

1. e4 c6 2. d4 d5 3. e5 c5 4. dxc5 Nc6 5. f4 e6 6. Be3 Nh6 7. c3 Nf5 8. Bf2 g5
9. Bd3 Nfe7 10. Nf3 gxf4 11. O-O Ng6 12. Bd4 Bg7 13. Re1 Bd7 14. b4 Rc8 15. Nbd2
b6 16. Ba6 Rb8 17. b5 Nxd4 18. cxd4 bxc5 19. dxc5 Bxb5 20. Nd4 Bxa6 21. Nc6 Qc7
22. Nxb8 Qxb8 23. Rb1 Qc8 24. Qa4+ Ke7 25. c6 Bxe5 26. Nf3 Bd6 27. Nd4 Bc5 28.
Kh1 Kf6 29. Rec1 Bc4 30. Nb3 Be3 31. Rd1 Qa6 32. Qb4 Qxc6 33. Qc3+ e5 34. Na5
Qa4 35. Nxc4 Qxc4 36. Qa5 Bb6 37. Qxd5 Qxd5 38. Rxd5 Rc8 39. a4 Rc5 40. Rd7 e4
41. h4 Nxh4 42. Rb4 Nf5 43. Kh2 Ne3 44. Rxe4 Rh5+ 45. Kg1 Nf5+ 0-1

[Event "ch-European Rapid 2013"]
[Site "Warsaw POL"]
[Date "2013.12.14"]
[Round "3.34"]
[White "Olszewski, Michal"]
[Black "Polok, Kacper"]
[Result "1-0"]
[WhiteTitle "GM"]
[WhiteElo "2551"]
[BlackElo "2172"]
[WhiteFideId "1121251"]
[BlackFideId "1137158"]
[EventDate "2013.12.14"]
[EventType "swiss"]

1. d4 f5 2. Nf3 Nf6 3. g3 e6 4. Bg2 d5 5. O-O Bd6 6. b3 b5 7. Bb2 O-O 8. Ne5 Bb7
9. Nd2 Nbd7 10. c4 c6 11. Qc2 Rc8 12. c5 Bb8 13. a4 b4 14. a5 Nxe5 15. dxe5 Nd7
16. Nf3 Ba6 17. Rfc1 Qe7 18. Qd2 Bc7 19. Bf1 Rb8 20. Nd4 Bb5 21. e3 Bxe5 22.
Nxb5 cxb5 23. c6 Bxb2 24. Qxb2 Nc5 25. Rc2 Rfc8 26. Rac1 Rxc6 27. Qe5 Rbc8 28.
Qf4 a6 29. Qxb4 R8c7 30. Qc3 Kf7 31. Qe5 b4 32. Qf4 Rb7 33. Bxa6 g5 34. Qf3 Ra7
35. Bb5 Rcc7 36. a6 Nxb3 37. Qh5+ Kf6 38. Qh6+ Ke5 39. f4+ Kd6 40. Rc6+ Rxc6 41.
Rxc6+ Kd7 42. Rxe6+ 1-0

[Event "ch-European Rapid 2013"]
[Site "Warsaw POL"]
[Date "2013.12.14"]
[Round "3.35"]
[White "Rindlisbacher, Jan"]
[Black "Jakubowski, Krzysztof"]
[Result "0-1"]
[BlackTitle "GM"]
[WhiteElo "2235"]
[BlackElo "2527"]
[WhiteFideId "1304160"]
[BlackFideId "1112848"]
[EventDate "2013.12.14"]
[EventType "swiss"]

1. d4 Nf6 2. c4 e6 3. Nf3 Bb4+ 4. Nbd2 b6 5. a3 Bxd2+ 6. Qxd2 Bb7 7. e3 d6 8.
Be2 Nbd7 9. O-O O-O 10. b4 a5 11. Bb2 axb4 12. axb4 Qe7 13. Qc2 Rxa1 14. Rxa1
Ra8 15. Rc1 Qe8 16. c5 Be4 17. Qd2 h6 18. Ne1 Nf8 19. b5 d5 20. f3 Bh7 21. Qb4
Ra2 22. cxb6 cxb6 23. Rc6 Qb8 24. Qc3 N6d7 25. Bd3 Qa7 26. Bxh7+ Kxh7 27. Nd3
Qa4 28. Nb4 Qd1+ 29. Kf2 Ra5 30. Qd3+ Qxd3 31. Nxd3 Rxb5 32. Ba3 Rb3 33. Bxf8
Rxd3 34. Bd6 Rd2+ 35. Kg3 Kg6 36. Rc7 Nf6 37. Rb7 Re2 38. Rxb6 Rxe3 39. Be5 Rd3
40. Rb7 Rd2 41. Ra7 Nh5+ 42. Kh3 f6 43. g4 fxe5 44. gxh5+ Kf6 45. dxe5+ Kxe5 46.
Rxg7 Kf4 47. Rf7+ Kg5 48. Kg3 d4 49. Re7 Re2 50. Rd7 e5 51. Rd5 Re3 52. Kf2 Kf4
53. Rd6 Rxf3+ 54. Kg2 Ra3 55. Rxh6 e4 56. Rh8 d3 57. h6 Ke3 58. Rg8 Ra7 59. Rg7
Ra6 60. h7 Rh6 61. Rd7 d2 0-1

[Event "ch-European Rapid 2013"]
[Site "Warsaw POL"]
[Date "2013.12.14"]
[Round "3.36"]
[White "Dourerassou, Jonathan"]
[Black "Dumanski, Aleksander"]
[Result "1-0"]
[WhiteTitle "IM"]
[WhiteElo "2485"]
[BlackElo "2236"]
[WhiteFideId "628050"]
[BlackFideId "1114379"]
[EventDate "2013.12.14"]
[EventType "swiss"]

1. e4 c5 2. Nf3 Nc6 3. d4 cxd4 4. Nxd4 g6 5. Nc3 Bg7 6. Be3 Nf6 7. Bc4 O-O 8.
Bb3 Qa5 9. O-O d6 10. h3 Bd7 11. Re1 Qh5 12. Qxh5 Nxh5 13. Rad1 Rfd8 14. Nd5 Kf8
15. c3 Nxd4 16. Bxd4 Bc6 17. Be3 Rd7 18. f3 b6 19. Nb4 Bb7 20. a4 Be5 21. Nd3
Bg7 22. a5 Rb8 23. axb6 axb6 24. Ba4 Rc7 25. Bxb6 Rcc8 26. Bf2 Ba6 27. Nb4 Bc4
28. Ra1 Nf4 29. Red1 Ne2+ 30. Kh1 Nxc3 31. bxc3 Bxc3 32. Nc6 Ra8 33. Na7 Bxa1
34. Rxa1 Rc7 35. Rc1 e6 36. Bb3 d5 37. exd5 exd5 38. Nb5 Rc6 39. Bxc4 dxc4 40.
Nc3 h5 41. Ne4 Rac8 42. Bd4 f5 43. Nc3 Rd6 44. Bf2 Rd3 45. Kg1 Rb8 46. Ne2 Rb2
47. Nf4 Rdd2 48. Bc5+ Kf7 49. h4 Rbc2 50. Re1 c3 51. Re7+ Kg8 52. Rc7 Rc1+ 53.
Kh2 Ra2 54. Nd5 Ra6 55. Bd4 c2 56. Nf6+ Rxf6 57. Bxf6 Kf8 58. Bg5 1-0

[Event "ch-European Rapid 2013"]
[Site "Warsaw POL"]
[Date "2013.12.14"]
[Round "3.37"]
[White "Gasik, Anna"]
[Black "Gdanski, Jacek"]
[Result "1-0"]
[WhiteTitle "WIM"]
[BlackTitle "GM"]
[WhiteElo "2257"]
[BlackElo "2506"]
[WhiteFideId "1121952"]
[BlackFideId "1100106"]
[EventDate "2013.12.14"]
[EventType "swiss"]

1. e4 e6 2. d4 d5 3. Nd2 Nf6 4. e5 Nfd7 5. Bd3 c5 6. c3 Nc6 7. Ne2 cxd4 8. cxd4
f6 9. exf6 Nxf6 10. Nf3 Qc7 11. O-O Bd6 12. Bg5 O-O 13. a3 Bd7 14. Qc2 Be8 15.
Ng3 h6 16. Bd2 Nh5 17. Rfe1 Rxf3 18. gxf3 Nxd4 19. Qxc7 Nxf3+ 20. Kh1 Bxc7 21.
Re2 Nxd2 22. Rxd2 Nf4 23. Rc1 Bb6 24. Bb1 Bc6 25. Re1 Rf8 26. b4 a5 27. h4 axb4
28. axb4 Bd7 29. Ne4 Rc8 30. Kh2 Rc3 31. Nxc3 1-0

[Event "ch-European Rapid 2013"]
[Site "Warsaw POL"]
[Date "2013.12.14"]
[Round "3.38"]
[White "Leniart, Arkadiusz"]
[Black "Jarmula, Lukasz"]
[Result "1-0"]
[WhiteTitle "IM"]
[WhiteElo "2472"]
[BlackElo "2213"]
[WhiteFideId "1124226"]
[BlackFideId "1160664"]
[EventDate "2013.12.14"]
[EventType "swiss"]

1. Nf3 d5 2. d4 c6 3. c4 e6 4. cxd5 exd5 5. Nc3 Be7 6. g3 Nf6 7. Bg2 O-O 8. O-O
Re8 9. Qc2 g6 10. Bf4 Bf5 11. Qd1 Nbd7 12. Ne5 Bf8 13. f3 Qb6 14. Na4 Qa5 15.
Kh1 Nxe5 16. dxe5 Nd7 17. g4 Be6 18. h3 Bg7 19. Bd2 Qc7 20. f4 b5 21. Nc3 b4 22.
Na4 a5 23. f5 Bxe5 24. fxe6 Rxe6 25. Rc1 Qd6 26. Qc2 Bd4 27. Bf4 Qe7 28. Rcd1
Be5 29. Bxe5 Nxe5 30. Nc5 Rd6 31. b3 Qh4 32. Kg1 Re8 33. e4 d4 34. Nd3 Qg3 35.
Qf2 Qxf2+ 36. Rxf2 Nxd3 37. Rxd3 c5 38. Rc2 Re5 39. Kf2 f5 40. exf5 gxf5 41. Re2
Rxe2+ 42. Kxe2 fxg4 43. hxg4 Re6+ 44. Kf2 Rf6+ 45. Rf3 Rg6 46. Rf4 Kg7 47. Be4
Ra6 48. g5 a4 49. Rh4 axb3 50. Rxh7+ Kg8 51. axb3 Ra2+ 52. Kf3 Rb2 53. g6 Rxb3+
54. Kf4 1-0

[Event "ch-European Rapid 2013"]
[Site "Warsaw POL"]
[Date "2013.12.14"]
[Round "3.39"]
[White "Brzezinski, Mateusz"]
[Black "Dragun, Kamil"]
[Result "0-1"]
[BlackTitle "GM"]
[WhiteElo "2118"]
[BlackElo "2530"]
[WhiteFideId "1177117"]
[BlackFideId "1134167"]
[EventDate "2013.12.14"]
[EventType "swiss"]

1. c4 Nf6 2. Nc3 e5 3. g3 c6 4. Nf3 e4 5. Nd4 Qb6 6. Nc2 d5 7. cxd5 cxd5 8. d3
Bc5 9. e3 O-O 10. Bg2 Nc6 11. O-O Bg4 12. f3 exf3 13. Bxf3 Ne5 14. Bxg4 Nexg4
15. d4 Be7 16. Nxd5 Nxd5 17. Qxg4 Rac8 18. Rf2 Rc6 19. e4 Nf6 20. Qf3 Rfc8 21.
e5 Rxc2 22. Rxc2 Rxc2 23. Qd3 Qc6 24. h3 0-1

[Event "ch-European Rapid 2013"]
[Site "Warsaw POL"]
[Date "2013.12.14"]
[Round "3.40"]
[White "Kovalev, Vladislav"]
[Black "Nowicki, Bartosz"]
[Result "1-0"]
[WhiteTitle "GM"]
[WhiteElo "2574"]
[BlackElo "2251"]
[WhiteFideId "13504398"]
[BlackFideId "1179730"]
[EventDate "2013.12.14"]
[EventType "swiss"]

1. e4 c5 2. Nf3 d6 3. d4 cxd4 4. Qxd4 a6 5. c4 Nc6 6. Qe3 g6 7. h3 Bg7 8. Be2
Nf6 9. O-O O-O 10. Nc3 Nd7 11. b3 Rb8 12. Rb1 Nc5 13. Bb2 f5 14. exf5 Bxf5 15.
Rbd1 Qa5 16. Rd2 b5 17. Nd5 Bxb2 18. Rxb2 Qa3 19. Rd2 e5 20. cxb5 axb5 21. Nc3
e4 22. Nxb5 Qb4 23. Bc4+ Kg7 24. a3 Qa5 25. b4 Nxb4 26. Qc3+ Kh6 27. axb4 1-0

[Event "ch-European Rapid 2013"]
[Site "Warsaw POL"]
[Date "2013.12.14"]
[Round "3.41"]
[White "Orndahl, Mats"]
[Black "Pakleza, Zbigniew"]
[Result "0-1"]
[BlackTitle "IM"]
[WhiteElo "2159"]
[BlackElo "2490"]
[WhiteFideId "1708988"]
[BlackFideId "1119290"]
[EventDate "2013.12.14"]
[EventType "swiss"]

1. Nf3 d5 2. d4 Bf5 3. c4 e6 4. Nc3 c6 5. Bg5 Qb6 6. Qd2 h6 7. Bh4 Nd7 8. e3
Ngf6 9. a3 Ne4 10. Nxe4 dxe4 11. Ne5 Nxe5 12. dxe5 g5 13. Bg3 Rd8 14. Qc3 Bg4
15. h4 Bg7 16. hxg5 hxg5 17. Rxh8+ Bxh8 18. c5 Qc7 19. Bc4 b5 20. cxb6 Qxb6 21.
Rc1 Bg7 22. b4 Bf8 23. Kf1 Bd1 24. Kg1 Ba4 25. Bf1 Bb5 26. Bxb5 cxb5 27. Qc7 Be7
28. Qxb6 axb6 29. Rc6 Rb8 30. f3 Kd7 31. Rc2 Ra8 32. Rc3 f5 33. fxe4 fxe4 34.
Kf2 Bd8 35. Ke2 Bc7 36. Kd2 Rf8 37. Ke2 Rf5 38. Rc1 Bxe5 39. Rd1+ Kc6 40. Bxe5
Rxe5 41. Rd4 Kc7 42. g4 Rd5 43. Rxe4 e5 44. a4 bxa4 45. b5 a3 46. Ra4 Rxb5 47.
Rxa3 Rb4 48. Kf3 e4+ 49. Ke2 Rb2+ 50. Kf1 b5 51. Ra7+ Kc6 52. Rg7 b4 53. Rxg5 b3
54. Rg6+ Kc5 55. Rg8 Rc2 56. Rb8 b2 57. Ke1 Kd5 0-1

[Event "ch-European Rapid 2013"]
[Site "Warsaw POL"]
[Date "2013.12.14"]
[Round "3.42"]
[White "Kanarek, Marcel"]
[Black "Mastalerz, Xavier"]
[Result "1-0"]
[WhiteTitle "IM"]
[WhiteElo "2473"]
[BlackElo "2131"]
[WhiteFideId "1126822"]
[BlackFideId "208310"]
[EventDate "2013.12.14"]
[EventType "swiss"]

1. e4 e6 2. d4 d5 3. Nc3 Nf6 4. Bg5 Bb4 5. e5 h6 6. Be3 Ne4 7. Qg4 g6 8. a3
Bxc3+ 9. bxc3 c5 10. Bd3 Qa5 11. Ne2 cxd4 12. Bxd4 Nc6 13. O-O Bd7 14. Bxe4 dxe4
15. Ng3 Nxd4 16. cxd4 Bc6 17. Nxe4 O-O 18. Nf6+ Kg7 19. c4 Rad8 20. Rfd1 Qc3 21.
Rac1 Qxa3 22. h4 Qb2 23. h5 g5 24. d5 Qxe5 25. dxc6 Qxf6 26. cxb7 Rb8 27. Qe4
Qb2 28. Rb1 Qa3 29. Qe5+ Kg8 30. c5 Qa4 31. Qd6 Qa5 32. c6 Rfd8 33. c7 Rxd6 34.
cxb8=Q+ 1-0

[Event "ch-European Rapid 2013"]
[Site "Warsaw POL"]
[Date "2013.12.14"]
[Round "3.43"]
[White "Pischikov, Vadim"]
[Black "Socko, Monika"]
[Result "0-1"]
[BlackTitle "GM"]
[WhiteElo "2148"]
[BlackElo "2440"]
[WhiteFideId "4100280"]
[BlackFideId "1106619"]
[EventDate "2013.12.14"]
[EventType "swiss"]

1. d4 Nf6 2. c4 e6 3. Nc3 Bb4 4. e3 d5 5. Bd3 e5 6. dxe5 dxc4 7. Be2 Qxd1+ 8.
Bxd1 Nfd7 9. Nf3 Nc6 10. Ba4 O-O 11. Bxc6 bxc6 12. Bd2 Re8 13. Ke2 Nxe5 14. Nxe5
Rxe5 15. Rhd1 Bf5 16. f3 Bd3+ 17. Kf2 Rae8 18. Re1 f5 19. g3 g5 20. h3 R5e6 21.
Rac1 Kf7 22. f4 gxf4 23. exf4 Rb8 24. Rxe6 Kxe6 25. Re1+ Kf6 26. Bc1 h5 27. h4
Bc5+ 28. Kf3 Bd4 29. Be3 Bxe3 30. Kxe3 Rxb2 31. Kd4 Rg2 32. Re3 a5 33. a4 Kf7
34. Nd1 Ra2 35. Nc3 Rg2 36. Nd1 Be4 37. Nc3 Bd3 38. Nd1 Kf6 39. Nc3 Rg1 40. Re8
Rxg3 41. Rh8 Bf1 42. Rh6+ Ke7 43. Rxc6 Kd7 44. Rc5 Rf3 45. Rxf5 c6 46. Rxa5
Rxf4+ 47. Kc5 Rxh4 48. Ra7+ Ke6 49. Kxc6 Rh3 50. Nb5 c3 51. Nd4+ Ke5 52. Kc5 c2
53. Nxc2 Rc3+ 54. Kb6 Rxc2 55. Rh7 Be2 56. a5 Rb2+ 57. Ka7 Kf4 58. Rf7+ Kg3 59.
Rg7+ Kh3 60. Rg6 h4 61. a6 Ra2 62. Kb7 Rxa6 63. Rg7 Rf6 64. Kc7 Bg4 0-1

[Event "ch-European Rapid 2013"]
[Site "Warsaw POL"]
[Date "2013.12.14"]
[Round "3.44"]
[White "Duda, Jan-Krzysztof"]
[Black "Sanz Losada, Victoriano"]
[Result "1-0"]
[WhiteTitle "GM"]
[WhiteElo "2557"]
[BlackElo "2083"]
[WhiteFideId "1170546"]
[BlackFideId "2202808"]
[EventDate "2013.12.14"]
[EventType "swiss"]

1. e4 c5 2. Nf3 d6 3. d4 cxd4 4. Nxd4 Nf6 5. Nc3 g6 6. Be3 Bg7 7. f3 O-O 8. Qd2
Nc6 9. O-O-O d5 10. exd5 Nxd5 11. Nxc6 bxc6 12. Bd4 e5 13. Bc5 Be6 14. Ne4 Qc7
15. Bxf8 Rxf8 16. Bc4 h6 17. Nc5 Bf5 18. g4 Be6 19. Rhe1 Qb6 20. Nxe6 fxe6 21.
Bb3 a5 22. Re4 Rxf3 23. h4 Rf2 24. Qd3 Rf4 25. g5 Qf2 26. gxh6 Qxh4 27. Rxf4
Qxf4+ 28. Kb1 Qxh6 29. Qa6 Qh5 30. Rc1 e4 31. Qc8+ Kf7 32. Qd7+ Kf6 33. Rf1+ Qf3
34. Bc4 g5 35. Qxc6 g4 36. Rxf3+ exf3 37. Bxd5 1-0

[Event "ch-European Rapid 2013"]
[Site "Warsaw POL"]
[Date "2013.12.14"]
[Round "3.45"]
[White "Mirski, Stanislaw"]
[Black "Fargere, Francois"]
[Result "0-1"]
[BlackTitle "GM"]
[WhiteElo "2139"]
[BlackElo "2446"]
[WhiteFideId "1122118"]
[BlackFideId "615935"]
[EventDate "2013.12.14"]
[EventType "swiss"]

1. d4 d5 2. c4 c6 3. Nc3 Nf6 4. e3 e6 5. Nf3 a6 6. b3 Bb4 7. Bd2 Nbd7 8. Bd3 O-O
9. O-O Bd6 10. Qc2 e5 11. cxd5 cxd5 12. dxe5 Nxe5 13. Nxe5 Bxe5 14. h3 Be6 15.
f4 Bc7 16. Ne2 Bb6 17. Nd4 Bxd4 18. exd4 Rc8 19. Qb2 Bd7 20. a4 Re8 21. f5 Qb6
22. a5 Qa7 23. Bb4 Bb5 24. Bxb5 axb5 25. Bc5 Qb8 26. b4 Re4 27. Rae1 Rce8 28.
Qf2 Qd8 29. Rxe4 dxe4 30. Re1 Nd5 31. Qe2 Qd7 32. Rf1 e3 33. Rf3 f6 34. g3 Qc6
35. Kg2 Nc3 36. Qe1 e2 37. d5 Qxd5 38. Bf2 Nd1 39. g4 Ne3+ 40. Kg3 Nf1+ 41. Kg2
Nd2 0-1

[Event "ch-European Rapid 2013"]
[Site "Warsaw POL"]
[Date "2013.12.14"]
[Round "3.46"]
[White "Wozniak, Maciej"]
[Black "Kuzmicz, Krystian"]
[Result "0-1"]
[BlackTitle "IM"]
[WhiteElo "2178"]
[BlackElo "2451"]
[WhiteFideId "1117653"]
[BlackFideId "1119125"]
[EventDate "2013.12.14"]
[EventType "swiss"]

1. e4 c6 2. d4 d5 3. e5 c5 4. Nf3 Nc6 5. c4 Bg4 6. cxd5 Qxd5 7. Nc3 Bxf3 8. Nxd5
Bxd1 9. Nc7+ Kd8 10. Nxa8 Bh5 11. d5 Nb4 12. Be3 Nc2+ 13. Kd2 Nxe3 14. fxe3 Nh6
15. Rc1 Ng4 16. e6 g6 17. h3 Nxe3 18. Rxc5 Bh6 19. Kc3 Nd1+ 20. Kb3 Nf2 21. Bb5
Ne4 22. Rhc1 Bxc1 23. Rxc1 g5 24. Bd7 Nd6 25. Nc7 a6 26. Ka4 Be2 27. b4 Bc4 28.
Ka5 Kxc7 0-1

[Event "ch-European Rapid 2013"]
[Site "Warsaw POL"]
[Date "2013.12.14"]
[Round "3.47"]
[White "Zwardon, Vojtech"]
[Black "Mierins, Eriks"]
[Result "1-0"]
[WhiteTitle "IM"]
[WhiteElo "2383"]
[BlackElo "2086"]
[WhiteFideId "325511"]
[BlackFideId "11603178"]
[EventDate "2013.12.14"]
[EventType "swiss"]

1. c4 c5 2. Nc3 Nc6 3. g3 g6 4. Bg2 Bg7 5. d3 e6 6. Bf4 e5 7. Bd2 d6 8. Rb1 Nge7
9. Qc1 O-O 10. Bh6 Bd7 11. h4 Nf5 12. Bxg7 Nxg7 13. Nd5 f5 14. Qh6 Qa5+ 15. Kf1
Qxa2 16. Nc3 Qb3 17. Bd5+ Kh8 18. Nf3 Nh5 19. Ng5 Nf6 20. h5 1-0

[Event "ch-European Rapid 2013"]
[Site "Warsaw POL"]
[Date "2013.12.14"]
[Round "3.48"]
[White "Malachi, Avraham"]
[Black "Milliet, Sophie"]
[Result "0-1"]
[BlackTitle "IM"]
[WhiteElo "2098"]
[BlackElo "2387"]
[WhiteFideId "2801167"]
[BlackFideId "623725"]
[EventDate "2013.12.14"]
[EventType "swiss"]

1. e4 c5 2. Nf3 e6 3. d3 Nc6 4. g3 d5 5. Nbd2 g6 6. Bg2 Bg7 7. O-O Nge7 8. Re1
b6 9. c3 a5 10. e5 Ba6 11. Qe2 h6 12. h4 Qd7 13. a3 a4 14. Rb1 Na5 15. Bf1 Nec6
16. c4 Rd8 17. cxd5 Qxd5 18. Nc4 Bxc4 19. dxc4 Qd7 20. Bf4 Nb3 21. Rbd1 Ncd4 22.
Nxd4 cxd4 23. Qe4 Qc7 24. g4 Nc5 25. Qc2 g5 26. hxg5 hxg5 27. Bxg5 Bxe5 28. Bxd8
Bh2+ 29. Kg2 Qxd8 30. Qf5 Bc7 31. Qf3 Qh4 32. Be2 Qh2+ 33. Kf1 Be5 34. Bd3 Ke7
35. Ke2 Rh3 36. Qh1 Re3+ 37. Kd2 Rxd3+ 38. Kc2 Qxf2+ 39. Kb1 Rb3 0-1